[Event "Andorra op 15th"]
[Site "Andorra"]
[Date "1997.??.??"]
[Round "8"]
[White "Marin, Mihail"]
[Black "Estremera Panos, Sergio"]
[Result "1-0"]
[WhiteElo "2545"]
[BlackElo "2430"]
[Annotator "Marin,M"]
[PlyCount "55"]
[EventDate "1997.07.??"]
[EventType "swiss"]
[EventRounds "9"]
[EventCountry "AND"]
[SourceTitle "CBM 058 Extra"]
[Source "ChessBase"]
[SourceDate "1997.07.29"]
[SourceVersion "1"]
[SourceVersionDate "1997.07.29"]
[SourceQuality "1"]

1. Nf3 Nf6 2. c4 b6 3. g3 Bb7 4. Bg2 e6 5. O-O Be7 6. Nc3 O-O 7. Re1 d5 8. cxd5
exd5 (8... Nxd5 9. e4 Nxc3 10. bxc3 c5 11. d4 $14) 9. d4 Na6 10. Bf4 c5 11. Rc1
Ne4 $5 (11... Qc8) (11... Re8) 12. dxc5 Naxc5 (12... Bxc5 13. Nxe4 dxe4 14. Ng5
Qe7 15. Qa4 Rfe8 16. Nxe4 $1) 13. Nd4 Qd7 $2 (13... Re8 14. Bh3) 14. b4 $1 $16
(14. Nxe4 dxe4 15. b4 Ne6 16. Nf5 Rfd8 $8 17. Qxd7 Rxd7 18. Rcd1 Rxd1 19. Nxe7+
Kf8 20. Rxd1 Kxe7 $14) 14... Ne6 15. Bh3 N4g5 (15... Nxc3 $8 16. Rxc3 Bd6 $8 (
16... Bxb4 17. Bxe6 fxe6 18. Rc7 $18) 17. Bxd6 Qxd6 18. a3 Rac8 19. Nf5 Qd7 20.
Qd3) (15... Bxb4 16. Nxe4 Bxe1 17. Bxe6 fxe6 18. Rc7 $18 Bxf2+ $140 19. Nxf2)
16. Bxg5 Bxg5 17. e3 Qe7 $8 (17... Rac8 18. Qg4) 18. Nxe6 fxe6 19. Nb5 Rac8 (
19... Bc8 20. Qb3 {/\Rc7, Rac1}) (19... Qxb4 20. Nc7 Rab8 21. Nxe6 $18) 20. Qg4
$18 Rf5 (20... e5 21. Qe6+ $18) (20... Rfe8 21. Nd4 $18 Rxc1 (21... e5 22. Qe6+
) 22. Rxc1 e5 23. Ne6 Bf6 24. Rc7) 21. Nd4 Rxc1 22. Rxc1 Re5 23. Nf3 $1 (23. f4
Qxb4 $5) (23. Nxe6 h5 $5 24. Qxh5 Bxe3 25. Qxe5 Bxc1) 23... h5 (23... Rf5 24.
Nxg5 Qxg5 25. Qxg5 Rxg5 26. Bxe6+ Kf8 27. Rc7) 24. Qxh5 Bxe3 25. Qxe5 Bxc1 26.
Bxe6+ Kh8 (26... Kf8 27. Nh4) (26... Kh7 27. Bf5+ $18) 27. Nh4 Qe8 28. Qf5 (28.
Qf5 g6 29. Qf6+ $1 Kh7 30. Nxg6 $1 {(/\Nf8#)} Bh6 31. Ne7 $18) 1-0

[Event "Ciocaltea Memorial"]
[Site "Bucharest"]
[Date "1997.??.??"]
[Round "5"]
[White "Cosma, Ioan"]
[Black "Marin, Mihail"]
[Result "1/2-1/2"]
[WhiteElo "2495"]
[BlackElo "2545"]
[Annotator "Marin,M"]
[PlyCount "155"]
[EventDate "1997.03.??"]
[EventType "tourn"]
[EventRounds "13"]
[EventCountry "ROU"]
[EventCategory "10"]
[SourceTitle "CBM 060"]
[Source "ChessBase"]
[SourceDate "1997.09.29"]
[SourceVersion "1"]
[SourceVersionDate "1997.09.29"]
[SourceQuality "1"]

1. d4 Nf6 2. Nf3 e6 3. g3 b6 4. Bg2 Bb7 5. c4 Be7 6. O-O O-O 7. Re1 Na6 8. Ne5
Bxg2 9. Kxg2 Qb8 10. Bg5 (10. e4 c5 11. Bf4 Bd6 12. Nc3 cxd4 13. Qxd4 Bb4 14.
Qd2 Qb7 15. Bg5 Be7 16. Ng4 Nxe4 17. Nxe4 Bxg5 18. Qxg5 f5 19. f3 fxe4 20. Rxe4
Nc5 21. Rf4 {1/2-1/2 Novikov,I-Ionescu,C/Erevan olm 1996/EXT 96ch2}) 10... Qb7+
11. f3 $6 (11. e4) 11... c5 12. e3 (12. Ng4 $4 Nxg4 $140 13. Bxe7 Ne3+ $19)
12... cxd4 13. exd4 Rac8 14. b3 d6 15. Nd3 d5 16. Nd2 Rfd8 17. Be3 Nb4 18. Ne5
(18. Nxb4 Bxb4 $17 {><c4, d4}) (18. Qb1 Nc6 19. Qb2 Ng4 $15) 18... Nd7 19. Ng4
Nf6 20. Nf2 (20. Ne5 Nd7 21. Ng4 Nd3 22. Re2 Nf6) 20... Nc6 $19 21. Qe2 (21. c5
bxc5 22. dxc5 Nd7 $19) 21... dxc4 22. Nxc4 Nxd4 (22... Nd5 $5 {(Cosma,I)} 23.
Rac1 (23. Rad1 Nc3) 23... Nxe3+ 24. Qxe3 Nxd4) 23. Bxd4 Rxd4 24. Rad1 Rxd1 25.
Rxd1 Rd8 26. Rxd8+ Bxd8 27. a4 Qd5 28. Nd3 Be7 29. Qc2 g5 30. Nce5 Bd6 31. Qc6
Bxe5 32. Qxd5 Nxd5 33. Nxe5 Nb4 34. Kf2 f6 35. Ng4 Kf7 36. Ke3 h5 37. Nf2 e5
38. g4 hxg4 39. fxg4 Ke6 40. Ne4 Na6 41. Nc3 Nc5 42. b4 Na6 43. Nb5 Nxb4 44.
Nxa7 f5 45. gxf5+ Kxf5 46. Nb5 Nd5+ 47. Kd3 Kf4 48. Nd6 Nf6 $2 (48... Ne3 {
(Iordachescu,V)} 49. Ne4 Nf1 50. h3 Ng3 51. Nd6 Kf3 $19) 49. Nc4 Nd7 50. Ke2 e4
51. Kf2 Kg4 52. Kg2 Kf5 53. Kg3 Ke6 54. a5 bxa5 55. Nxa5 Kd5 56. h4 gxh4+ 57.
Kxh4 e3 58. Kg3 Ne5 59. Nb3 Kc4 60. Nc1 Kc3 61. Kf4 Nc4 62. Kf3 Kc2 63. Ne2 Kd2
64. Nd4 Kd3 65. Ne6 Ne5+ 66. Kg2 Kc2 67. Nd4+ Kd1 68. Kg3 Kd2 69. Kg2 Kc3 70.
Ne2+ Kd3 71. Nc1+ Kd2 72. Nb3+ Kc2 73. Nd4+ Kd3 74. Nb3 Nc4 75. Nc1+ Kc2 76.
Ne2 Kd2 77. Nd4 Na5 78. Nf5 1/2-1/2

[Event "Metz op 31th"]
[Site "Metz"]
[Date "2013.04.21"]
[Round "2"]
[White "Aguettaz, Maxime"]
[Black "Maiorov, Nikita"]
[Result "0-1"]
[WhiteElo "2412"]
[BlackElo "2535"]
[Annotator "Metz Alekhine/Primel,D"]
[PlyCount "39"]
[EventDate "2013.04.20"]
[EventType "swiss"]
[EventRounds "9"]
[EventCountry "FRA"]
[SourceTitle "EXT 2016"]
[Source "ChessBase"]
[SourceDate "2015.10.08"]
[SourceVersion "1"]
[SourceVersionDate "2015.10.08"]
[SourceQuality "1"]
[TimeControl "40/5400:1800+30"]
[WhiteClock "1:30:00"]
[BlackClock "1:30:00"]

1. Nf3 Nf6 2. c4 b6 3. g3 Bb7 4. Bg2 e6 5. O-O Be7 6. Nc3 O-O 7. Re1 (7. d4 c5
8. d5 exd5 9. Nh4 Na6) 7... d5 (7... c5) 8. cxd5 exd5 (8... Nxd5 {Le GMI
m'avait joué l'alternative à l'open Rohde 2004} 9. e4 (9. d4) 9... Nxc3 10.
bxc3 c5 11. d4 cxd4 12. cxd4 Nc6 13. Bb2 Bf6 14. Rc1 (14. Rb1 $142 Na5 15. Bc3
Nc4 16. Qd3 (16. Qa4) 16... Rc8 17. e5 Bxf3 18. Qxf3 Be7 19. Rbd1) 14... Rc8
$11 {Primel,D (2127)-Maiorov,N (2454) Rohde op 04th 2004 (1) 0-1}) 9. d4 {
Transpose sur une Ouest-Indienne} Na6 10. Bf4 c6 {[%cal Ga6c7,Gc7e6] Une ligne
secondaire solide mais un peu passive} (10... c5 {La grande ligne} 11. Rc1 (11.
Ne5 cxd4 12. Nb5 Nc5 13. Nxd4) 11... Ne4 12. dxc5 Naxc5 13. Be5 {[%csl Gd4]} (
13. Nd4) 13... Re8 14. Nb5 (14. a3 Bf8 15. Bd4 {Kuzubov,Y (2626)-Maiorov,N 
(2524) Pfalz op 2nd 2009 (4) 1/2}) 14... Bf8 15. b4 Ne6 16. Qb3 f6 17. Bf4 Nxf4
{Tihonov,J (2460)-Maiorov,N (2524) BLR-ch Minsk 2009 (2) 1/2}) 11. Rc1 (11. Ne5
) 11... Nc7 {90 Les Noirs ont joué à tempo l'ouverture} 12. Ne5 $146 (12.
Bxc7 Qxc7 13. Ne5 c5 $11 {Sandipan,C (2640)-Berkes,F (2706) Bundesliga 1112
2011 (2.2) 1-0}) (12. Bh3 $5 {[%csl Ra8,Rc8]} Ne6 13. Be5) 12... Ne6 {89} 13.
Be3 c5 $11 {72} (13... Re8) 14. dxc5 bxc5 15. Na4 Rc8 {60} 16. b3 {Un millieu
de jeu intéressant avec la lutte à distance des pièces Blanches contre les
P pendants} Ba8 17. Nd3 {[%cal Gd3c5,Ga4c5] Forçant les Noirs à avancer les
P pendants pour les affaiblir mais la diagonale du Ba8 s'ouvre et les Noirs
doivent avoir assez de contre-jeu} d4 18. Bxa8 (18. Bd2 Bxg2 19. Kxg2 Qd5+ 20.
Kg1 Rfe8 (20... Ng5 $132 {[%cal Gg5h3]})) 18... dxe3 19. Bg2 exf2+ 20. Nxf2 {
suite illisible et gain Noir au 25ème coup} 0-1

[Event "Metz op 30th"]
[Site "Metz"]
[Date "2012.04.23"]
[Round "4"]
[White "Feller, Sebastien"]
[Black "Maiorov, Nikita"]
[Result "1-0"]
[WhiteElo "2644"]
[BlackElo "2552"]
[Annotator "Metz Alekhine/Primel,D"]
[PlyCount "109"]
[EventDate "2012.04.14"]
[EventType "swiss"]
[EventRounds "9"]
[EventCountry "FRA"]
[SourceTitle "EXT 2013"]
[Source "ChessBase"]
[SourceDate "2012.11.22"]
[SourceVersion "1"]
[SourceVersionDate "2012.11.22"]
[SourceQuality "1"]

1. d4 Nf6 {01h30} 2. c4 e6 3. Nf3 b6 4. g3 Bb7 (4... Ba6) 5. Bg2 Be7 6. O-O O-O
7. d5 {Le gambit relancé par "Polou" au début des années 80 lors du match des
candidats} exd5 (7... Na6 $5 {Moiseenko,A (2679)-Rozentalis,E (2573) FRA-chT
Top 12 2011 (8.3) 1-0}) 8. Nh4 (8. Nd4 {L'ancienne ligne mais qui pose moins
de problèmes aux Noirs}) 8... c6 {La ligne critique} 9. cxd5 Nxd5 10. Nf5 Nc7
11. e4 d5 12. Nc3 (12. Re1 Bf6 13. e5 Be7 (13... Bc8 14. exf6 Bxf5 15. fxg7 Re8
$13) 14. Qg4) (12. Qg4 Bf6 13. Nc3 Nd7) 12... Bf6 13. exd5 (13. Bf4 Bc8) (13.
Qg4) 13... cxd5 (13... Nxd5) 14. Bf4 Nba6 {88 Tout est théorique et les Noirs
ont joué rapidement l'ouverture} 15. Re1 Qd7 (15... Bc8 16. Qh5 Bxf5 17. Qxf5
Qc8 18. Qh5 Bxc3 19. bxc3 Qd7 20. c4 Rad8 21. cxd5 Nxd5 22. Be5 g6 23. Qh6 f6
24. Rad1 fxe5 25. Bxd5+ Kh8 26. Bc4 Qf5 27. Qe3 Rxd1 28. Rxd1 Nc5 29. Rd5 Qe4
30. Qxe4 Nxe4 31. Rxe5 Nd2 32. Bd5 {1/2-1/2 (32) Nisipeanu,L (2668)-Polgar,J 
(2708) Vitoria Gasteiz 2007}) (15... Nc5) 16. Qg4 $146 (16. Bh3 {Kasparov,G 
(2595)-Marjanovic,S (2490) Malta ol (Men) 1980 (4) 1-0}) 16... Bc8 17. Nh6+ (
17. Re5 Kh8 18. Nxd5 Bxe5 19. Bxe5 f6 20. Bxc7 Qxf5 21. Qxf5 Bxf5 22. Bd6 Rfe8
23. Ne7 Be6 24. Bxa8 Rxa8 25. a3 Rd8 26. Re1 Bf7 27. Rc1 Be6 28. Rc6 {1/2-1/2 
(28) Valak,A (2432)-Kyhos,A (2318) ICCF email 2010}) 17... Kh8 18. Qxd7 (18.
Nxd5 Nxd5 {Probablement une simple transposition}) (18. Qf3 {[%cal Gf3f6,Gc3d5]
} Bb7 19. Rad1 Rad8 20. Ng4) 18... Bxd7 19. Nxd5 Nxd5 {62} 20. Nxf7+ $1 {
La pointe de la nouveauté du français} Rxf7 21. Bxd5 Raf8 22. Bxf7 Rxf7 23.
Rad1 $14 {[%csl Ra6] Le matériel est égal mais la R des Blancs semble une peu
plus forte} h6 (23... Kg8) (23... Bxb2 $4 24. Rxd7 {[%csl Rh8]}) 24. Be5 Bxe5 {
30} 25. Rxe5 Kg8 26. Rd4 Nc7 27. f4 Kf8 28. f5 $1 Re7 29. Rxe7 Kxe7 30. g4 Nb5
31. Rd1 Nd6 32. h3 a5 (32... h5 $5) 33. Kf2 b5 34. Kf3 Nc4 35. b3 Nd6 36. Kf4 {
[%csl Re7,Gf4]} b4 37. Rd5 $1 Nb7 {[%csl Rb7]} 38. Ke3 Bc6 39. Re5+ Kf7 40. h4
$16 Bd7 41. Kf4 a4 42. bxa4 Bxa4 43. g5 hxg5+ 44. hxg5 Bd7 45. Rd5 Ke8 46. Ke5
$36 {[%csl Ge5]} (46. g6 $5 {[%csl Rg7] Moins naturel mais les Noirs
commencent а manquer d'espace} Ke7 $2 47. f6+ $1 {[%cal Gd5d7,Gg6g8]}) 46...
Nd8 47. Kd6 $1 Nf7+ 48. Kc7 $40 {Les Noirs sont proches du zuzgwang} Ba4 49. g6
Nh6 50. Re5+ Kf8 51. Kd8 $1 {La fin va être digne d'une étude} (51. Ra5 Be8 52.
Kd6 Kg8 53. Ra8 Kf8 (53... Nxf5+ 54. Ke6) 54. Ke6 Ng4 55. Rc8 Ne3 $22 56. f6
$18) 51... Bc6 52. Rc5 (52. Re7 Ba4 $22 (52... Bd5 53. Re8#) 53. Re4 $1 $18 {
[%cal Ge4b4,Ge4f4]}) 52... Be4 53. Re5 Bc6 $2 (53... Nf7+ $3 54. gxf7 Bb1 55.
Re2 Kxf7 56. Rf2 Kf6) 54. Re6 Bd5 $4 55. Re8# 1-0

[Event "EU-ch 11th"]
[Site "Rijeka"]
[Date "2010.03.10"]
[Round "5"]
[White "Akopian, Vladimir Eduardovic"]
[Black "Medvegy, Zoltan"]
[Result "1-0"]
[WhiteElo "2688"]
[BlackElo "2556"]
[Annotator "Mikhalchishin,A"]
[PlyCount "67"]
[EventDate "2010.03.06"]
[EventType "swiss"]
[EventRounds "11"]
[EventCountry "CRO"]
[SourceTitle "CBM 136"]
[Source "ChessBase"]
[SourceDate "2010.05.18"]
[SourceVersion "1"]
[SourceVersionDate "2010.05.18"]
[SourceQuality "1"]

1. d4 Nf6 2. Nf3 e6 3. c4 b6 4. g3 Bb7 5. Bg2 Be7 6. O-O O-O 7. Re1 Qc8 $2 {
I can't award any other annotation than this! The move is extremely passive,
which allows White to obtain a strong centre. Black will have huge problems
with the lack of space. And it is very strange, that it has become so popular
in the last two years. The reason is simple - in all normal systems Black has
faced numerous problems. But few players have continued to adopt classical
plans with solid results.} (7... Na6 8. Nc3 (8. Ne5 d5 9. cxd5 exd5 10. Nc3 c5
11. Bf4 Ne4 12. dxc5 Nxc3 13. bxc3 Nxc5 14. Rc1 Re8 15. c4 dxc4 16. Bxb7 Nxb7
17. Rxc4 Bc5 18. Nd3 Na5 19. Rc2 Bf8 20. Bd2 Qd5 21. Nf4 Qf5 22. Bxa5 Qxa5 23.
Nd5 Rac8 {Black successfully overcame his opening problems and now starts to
counterattack.} 24. Rd2 {0-1 Ernst,S (2589)-Tomashevsky,E (2688)/Novi Sad SRB
2009 (57)}) 8... d5 9. cxd5 exd5 10. Bf4 c5 11. Rc1 Ne4 12. dxc5 Naxc5 13. Nd4
Bf6 14. Nxe4 dxe4 15. Nf5 Ne6 16. Bd6 Re8 17. Ba3 Be5 18. Qa4 Qf6 19. Qd7 Qxf5
20. Qxb7 Bd4 21. e3 Nc5 22. Bxc5 Bxc5 23. Rc4 Rab8 24. Qc6 Rbc8 25. Qxe4 Qxe4
26. Rxe4 Rxe4 27. Bxe4 Rd8 {White has an extra pawn, but opposite coloured
bishops help Black to fight for a draw.} 28. Re2 {1/2 Kempinski,R (2601)
-Kryvoruchko,Y (2611)/Kallithea GRE 2009 (57)}) ({In former times the
following system was considered to be playable, but nowadays the results are
terrible for Black:} 7... c5 8. d5 exd5 9. Nh4 Ne4 10. cxd5 Bxh4 11. Bxe4 Bf6
12. Qc2 g6 13. Bf4 d6 14. Nd2 Bg5 15. Bxg5 Qxg5 16. Bg2 Nd7 17. e4 b5 18. f4
Qf6 19. Qc3 $1 Qxc3 20. bxc3 Nb6 21. Rab1 a6 22. c4 b4 23. e5 {The endgame is
really difficult for Black.} Bc8 {1-0 Bacrot,E (2709)-Markos,J (2565)/Germany
GER 2010/CT-3380 (45)}) ({But the worst is the premature control of e4:} 7...
Ne4 8. Nfd2 d5 9. cxd5 exd5 10. Nxe4 dxe4 11. Nc3 f5 12. e3 Nd7 13. b4 Kh8 14.
Qb3 Qc8 15. Ba3 {The weakness of c7 is impossible to cure - White has a very
serious advantage.} a5 16. Rec1 axb4 17. Bxb4 Bxb4 18. Qxb4 c5 19. Qb2 cxd4 20.
Ne2 Qd8 21. Nxd4 Nc5 22. Rd1 Qf6 23. Rab1 Na4 24. Qb4 Rfc8 25. Rdc1 Rxc1+ 26.
Rxc1 Nc5 {1-0 Rodshtein,M (2623)-Stella,A (2330)/Puerto Madryn ARG 2009}) 8.
Bg5 h6 9. Bxf6 Bxf6 10. e4 d6 11. Nc3 c5 ({It is possible to delay for few
moves the attack on the centre:} 11... Nd7 12. Rc1 c5 13. Nb5 Be7 14. d5 e5 15.
h4 a6 16. Na3 Nf6 17. Nc2 g6 {Black's position is solid and it is necessary to
try to attack on both flanks, which is mission impossible.} 18. Nh2 Qd7 19. Ne3
Rae8 20. a3 Bc8 21. b4 Qc7 22. Kh1 Bd8 23. Rg1 Kg7 24. Qd3 h5 25. Bf3 {1/2-1/2
Piket,J (2590)-Salov,V (2660)/Wijk aan Zee 1993/CBM 034}) 12. e5 $1 {Very
interesting and very fresh pawn sacrifice - now White will get a powerful
passed d-pawn.} (12. d5 Bxc3 $6 (12... e5 {returning to the previous
annotation is correct}) 13. bxc3 exd5 14. cxd5 Nd7 15. Qd2 Qd8 16. Qf4 Qf6 17.
Qxf6 Nxf6 18. Nd2 Rfe8 19. Bf1 Re7 20. f3 Nd7 21. Kf2 Ne5 22. c4 Rae8 23. h3
Bc8 24. f4 Nd7 25. Re3 (25. a4 {much better would be to create a weakness on
the other side.}) 25... g5 26. Rae1 f6 {Rusev,K (2547)-Lilov,V (2409)/Plovdiv
2010/CBM 134 Extra/1-0 (48)}) 12... dxe5 13. d5 ({Another option was to try to
exploit some space advantage} 13. dxe5 Be7 14. Qc1 a6 15. Qf4 Ra7 16. Ne4 Rd8
17. g4 $2 ({After the natural} 17. Rad1 Bxe4 18. Rxd8+ Bxd8 19. Qxe4 Rd7 20.
Bf1 Nc6 21. Bd3 g6 {White has no real plan for improving his position.}) 17...
Bxe4 18. Rxe4 Rad7 19. Rae1 g5 20. Qe3 Nc6 21. a3 Rd1 22. Qb3 Rxe1+ 23. Rxe1
Qc7 24. Qa4 a5 25. h3 Bf8 26. Qc2 Nd4 27. Qe4 Nxf3+ 28. Bxf3 Rd4 {Black
controls the d-file and additionally White has a few pawn weaknesses.} 29. Qe2
{0-1 Wirig,A (2497)-Granda Zuniga,J (2640)/Nancy FRA 2010/CT-3399 (58)}) 13...
exd5 14. cxd5 $146 ({After the capture with the knight} 14. Nxd5 Nc6 15. Nxf6+
gxf6 16. Nh4 Nd4 17. Bxb7 Qxb7 18. Qh5 Kh7 19. Rad1 (19. Nf5 {was a draw
immediately.}) 19... Rg8 20. f4 exf4 (20... Qd7 {was much better, with some
better chances for Black.}) 21. Nf5 Rg6 22. Re7 Qf3 23. Qxf3 Nxf3+ {with
equality.}) 14... Nd7 ({The queen sortie} 14... Qf5 {was premature:} 15. Ne4
Rd8 16. Nxf6+ Qxf6 17. Nxe5 Na6 18. Qb3 Rd6 19. Rad1 {and White retained a
very centralised position.}) 15. Bh3 (15. Nd2 {was another good option, but
the pin is always unpleasant for the opponent.}) 15... Qc7 ({After} 15... Re8
16. Nd2 {the white knight threatens to come to e4 and then to move to d6.}) 16.
Nb5 Qd8 17. Nd6 Qc7 18. Nxb7 ({White is not looking for a draw by repetition:} 
18. Nb5) 18... Qxb7 19. Nd2 g6 $6 (19... Rad8 {would be more natural, keeping
an eye on the opponent's central passed pawn.}) 20. Ne4 (20. d6 Rad8 21. Qb3
Qc6 22. Ne4 Bg7 23. Bg2 {was much more direct, but Black would keep a
defendable position.}) 20... Bg7 21. Nd6 Qc7 22. Nb5 Qb7 23. d6 $1 {No draw
after the knight move to d6!} f5 ({More logical was} 23... e4 24. Bg2 Nf6 ({
after the natural} 24... f5 {White would destroy his opponent's centre by
playing} 25. f3) 25. Qa4 Rad8 26. Rad1 Qc6 27. Qa6 {with good compensation for
the pawn - the d6-pawn is doing a lot of harm.}) 24. Nc7 e4 (24... Rac8 25. Bf1
Rxc7 26. dxc7 Qxc7 27. Qd5+ Kh8 28. Rad1 Nb8 29. Qe6 {was leading to much
better play for White.}) 25. Rxe4 $6 {A kind of bluff.} ({In the event of} 25.
Qb3+ Kh7 26. Nxa8 Qxa8 27. f3 Ne5 28. fxe4 fxe4 29. Rf1 Nf3+ 30. Kh1 Qc6 31.
Rad1 e3 $5 {the position is unclear, but balanced.}) 25... Qxe4 $2 (25... fxe4
{would be a much stronger move:} 26. Bxd7 ({After} 26. Be6+ Kh7 27. Bd5 Qc8 28.
Bxa8 Bxb2 29. Rb1 Bd4 {it is clear, that Black has the upper hand.})) 26. Bg2
Qd4 $2 ({After} 26... Qe5 27. Bxa8 Kh7 28. Qd2 Qxb2 29. Qxb2 Bxb2 30. Re1 Be5
31. Bc6 Bxd6 32. Ne6 Nf6 33. Rd1 Be7 34. Nxf8+ Bxf8 35. f3 {it is not easy to
realise an exchange.}) 27. Bxa8 ({Possible was} 27. Qxd4 cxd4 28. Bxa8 Be5 29.
Bd5+ Kh7 30. Ne6 Re8 31. Rd1 {with a slightly more active position in the
endgame.}) 27... Qxd1+ $2 ({Better was} 27... Qxb2 28. Bd5+ Kh7 29. Rb1 Qe5 30.
Rb3 f4 31. Ne6 Rf6 32. Nxf4 Qxd6 {with an extra pawn for Black, but White
still has some compensation.}) 28. Rxd1 Bxb2 29. Bd5+ Kh8 30. Bc6 Rf7 ({Or} 
30... Ne5 31. Bb5 Nf7 (31... Nf3+ {is weaker:} 32. Kg2 Nd4 33. Be8 Kh7 34. d7 {
with advantage.}) 32. d7 Nd8 33. Re1 {with unpleasant threats in the endgame.})
31. Re1 (31. f4 {was good also, prohibiting the e5-square to the black knight.}
) 31... Be5 32. Ne8 ({There was the simpler way to a win with} 32. Bxd7 Bxd6
33. Re8+ Kh7 34. Nd5) 32... Bf6 33. Nxf6 ({It was possible to win a piece
immediately:} 33. Bxd7 Rxd7 34. Nxf6 Rxd6 35. Ne8 Rc6 {but the knight would
have some problems in the opponent's camp.}) 33... Rxf6 34. Re8+ 1-0

[Event "Aars"]
[Site "Aars"]
[Date "1995.??.??"]
[Round "6"]
[White "Shneider, Aleksandr"]
[Black "Brynell, Stellan"]
[Result "1-0"]
[WhiteElo "2530"]
[BlackElo "2460"]
[Annotator "Mowsziszian,K"]
[PlyCount "66"]
[EventDate "1995.10.??"]
[EventType "tourn"]
[EventRounds "9"]
[EventCountry "DEN"]
[EventCategory "9"]
[SourceTitle "CBM 050"]
[Source "ChessBase"]
[SourceDate "1996.02.01"]
[SourceVersion "1"]
[SourceVersionDate "1996.02.01"]
[SourceQuality "1"]

1. d4 Nf6 2. c4 e6 3. Nf3 b6 4. g3 Bb7 5. Bg2 Be7 6. Nc3 O-O 7. d5 Bb4 8. O-O
Na6 (8... Bxc3 9. bxc3 exd5 10. Nh4 c6 11. Ba3 Re8 12. Nf5 $44 {><d6,/\Qd2-g5->
}) 9. Nh4 Bxc3 (9... Nc5 10. Na4 $1 $14 {/\a3}) (9... c6 10. d6 $1 Qb8 (10...
Ne8 11. Ne4 f5 12. Bg5 Qb8 13. a3 Bxd6 $2 14. Nxd6 Qxd6 15. Qxd6 Nxd6 16. Be7
$16) 11. Bf4 Nh5 (11... Ne8 12. Ne4 f5 13. a3) 12. Be5 f6 13. a3 $1 Bc5 14. e3
g6 15. g4 Ng7 16. Bg3 $16) 10. bxc3 Nc5 11. Ba3 Rb8 (11... d6 $2 12. Bxc5 bxc5
13. dxe6 Bxg2 14. exf7+ Rxf7 15. Kxg2 $16) 12. Bxc5 bxc5 13. Rb1 exd5 14. cxd5
Ba6 15. Re1 (15. Qc2 $6 Bc4 16. Rxb8 Qxb8 17. Rd1 Qb5 18. e4 d6 19. Nf5 Rb8 20.
e5 dxe5 21. d6 cxd6 22. Nxd6 Qa6 $17 {1-0 Shipov,S-Brynell,S/Berliner Sommer 
(09) ;EXP 47 1995 (50)}) 15... d6 16. Rxb8 Qxb8 17. Qd2 Re8 18. e4 Qb5 19. f3 (
19. Nf5 $2 {/\Qg5} Nxe4 $1 20. Bxe4 (20. Qf4 Nxc3 $17) 20... Rxe4 21. Rxe4 Qf1#
) 19... h6 20. Nf5 Nd7 21. f4 Nb6 (21... Qd3 22. Qc1 {/\Bf1}) (21... Qa4 $5 {
/\Bc4}) 22. Bf1 Qa4 $6 (22... c4 $142 {Ist gegen den weissen Vorstoss e4-e5
gerichtet. Schwarz macht Druck gegen den Pd5.} 23. Qd4 (23. Qd1 {/\Qg4} Kh7 24.
Qg4 g6 25. Nd4 Qd7 $14) 23... f6 24. Nxh6+ gxh6 25. Qxf6 Qc5+ 26. Kh1 Nxd5 27.
Qg6+ Kf8 28. Qxh6+ Kf7 29. Qh5+ $13) 23. Bxa6 Qxa6 24. e5 $16 {[+]} Qc8 (24...
Qc4 25. exd6 Rxe1+ 26. Qxe1 cxd6 27. Qe8+ Kh7 28. Ne7 $1 h5 29. Qg8+ Kh6 30.
Qh8#) (24... Nc4 25. Qd3 Qxa2 26. e6 Kh8 (26... fxe6 27. Nxh6+ gxh6 28. Qg6+
Kf8 29. Qxh6+ Kg8 30. Qg6+ Kf8 31. dxe6 Re7 32. Qf6+ Ke8 33. Qh8#) 27. Re2 Qa1+
28. Kg2 $16) 25. e6 fxe6 26. dxe6 Kh7 (26... Rxe6 27. Ne7+) 27. Qe2 Qb7 28. Qg4
g6 29. Nh4 Rg8 30. e7 h5 31. e8=Q hxg4 32. Re7+ Kh6 33. Qxg8 Qh1+ 1-0